[Event "Vrnjacka Banja"]
[Site "Vrnjacka Banja"]
[Date "1991.??.??"]
[Round "5"]
[White "Maksimenko, Andrei"]
[Black "Velimirovic, Dragoljub"]
[Result "0-1"]
[WhiteElo "2370"]
[BlackElo "2520"]
[PlyCount "56"]
[EventDate "1991.04.??"]
[EventType "tourn"]
[EventRounds "15"]
[EventCountry "YUG"]
[EventCategory "9"]
[Source "ChessBase"]
[SourceDate "1991.08.01"]
[WhiteTeamCountry "YUG"]
[BlackTeamCountry "YUG"]

1. d4 Nf6 2. c4 c5 3. d5 g6 4. Nc3 Bg7 5. e4 d6 6. f4 O-O 7. Nf3 e6 8. dxe6
fxe6 9. Bd3 Nc6 10. O-O Nh5 11. Ng5 e5 12. fxe5 Nxe5 13. Be2 Nf6 14. Nb5 h6 15.
Nf3 Nxf3+ 16. Bxf3 Be6 17. Nxd6 Ng4 18. Bxg4 Bd4+ 19. Qxd4 Rxf1+ 20. Kxf1 cxd4
21. Bxe6+ Kh7 22. e5 Qe7 23. Bd5 Qxe5 24. Ne4 Rf8+ 25. Kg1 b5 26. Bd2 bxc4 27.
Bc6 Qe6 28. Bb7 Qf7 0-1

[Event "Vrnjacka Banja"]
[Site "Vrnjacka Banja"]
[Date "1991.??.??"]
[Round "6"]
[White "Velimirovic, Dragoljub"]
[Black "Simic, Radoslav"]
[Result "1-0"]
[WhiteElo "2520"]
[BlackElo "2485"]
[Annotator "Blatny,P"]
[PlyCount "99"]
[EventDate "1991.04.??"]
[EventType "tourn"]
[EventRounds "15"]
[EventCountry "YUG"]
[EventCategory "9"]
[Source "ChessBase"]
[SourceDate "1991.08.01"]
[WhiteTeamCountry "YUG"]
[BlackTeamCountry "YUG"]

1. e4 c5 2. Nf3 Nc6 3. d4 cxd4 4. Nxd4 Nf6 5. Nc3 e5 6. Ndb5 d6 7. Bg5 a6 8.
Na3 b5 9. Bxf6 gxf6 10. Nd5 Bg7 11. Bd3 Ne7 12. Nxe7 (12. Ne3 $5 f5 13. exf5 d5
14. Qg4 Rg8 15. Qh4 Qd6 16. O-O-O e4 17. Nxd5 Nxd5 18. Bxe4 Bxb2+ 19. Kxb2 Qb4+
$10 {Andreev-Shchipkov,USSR 1981}) 12... Qxe7 13. c3 (13. O-O O-O 14. c4 f5 15.
Qe2 bxc4 16. Nxc4 Rb8 17. Rad1 $13 (17. exf5 d5 $15)) 13... f5 14. Nc2 Qg5 15.
Qe2 d5 $6 16. exf5 O-O 17. Ne3 Bb7 18. h4 Qe7 19. Rd1 Rfe8 (19... d4 20. cxd4
exd4 21. Ng4 Qxe2+ 22. Bxe2 Bxg2 $2 23. Rg1 {/\ f6 +-}) 20. Qh5 e4 21. Bc2 b4
22. O-O bxc3 23. bxc3 Rad8 24. Ba4 Rf8 25. Bb3 Qe5 26. Ng4 Qe7 27. Ne3 Qe5 28.
Rd4 Kh8 29. Rfd1 Qf4 30. g3 Qb8 31. Rb4 Bxc3 32. Rb6 {/\ Rh6} Rd6 33. Rxd6 Qxd6
34. Bxd5 Qe7 35. Kg2 a5 36. Qh6 Bc8 37. Rc1 Bg7 38. Qf4 Qd8 39. Qc7 $18 Ba6 40.
Qxd8 Rxd8 41. Bxe4 a4 42. Rc7 f6 43. Nd5 a3 44. Nf4 Bh6 45. Ne6 Re8 46. Kf3 Bf1
47. g4 Bd2 48. g5 fxg5 49. f6 g4+ 50. Kg3 1-0

[Event "Vrnjacka Banja"]
[Site "Vrnjacka Banja"]
[Date "1991.??.??"]
[Round "7"]
[White "Pavlovic, Milos"]
[Black "Velimirovic, Dragoljub"]
[Result "0-1"]
[WhiteElo "2480"]
[BlackElo "2520"]
[PlyCount "86"]
[EventDate "1991.04.??"]
[EventType "tourn"]
[EventRounds "15"]
[EventCountry "YUG"]
[EventCategory "9"]
[Source "ChessBase"]
[SourceDate "1991.08.01"]
[WhiteTeamCountry "YUG"]
[BlackTeamCountry "YUG"]

1. c4 Nf6 2. Nc3 c5 3. Nf3 g6 4. g3 Bg7 5. Bg2 O-O 6. O-O Nc6 7. d3 d6 8. Rb1
Rb8 9. a3 a6 10. b4 cxb4 11. axb4 b5 12. cxb5 axb5 13. d4 Bf5 14. Rb3 Qc8 15.
d5 Nxb4 16. e4 Bd7 17. Rxb4 Qxc3 18. Bd2 Qc5 19. h3 Ra8 20. Ne1 Rfc8 21. Nd3
Qc2 22. Rb3 Qc4 23. Re1 Ra2 24. Bc3 Rca8 25. Bb2 Ne8 26. Rb4 Qxb4 27. Nxb4 Rxb2
28. Nd3 Rba2 29. e5 Bf5 30. Nb4 Rb2 31. Nc6 Kf8 32. Qd4 Raa2 33. Qh4 f6 34. g4
Bd7 35. exd6 Nxd6 36. Qxh7 Rxf2 37. Rxe7 Rxg2+ 38. Kf1 Nf7 39. Qxg6 Be8 40. d6
Rgf2+ 41. Kg1 Rg2+ 42. Kf1 Rh2 43. Kg1 Rhd2 0-1

[Event "Vrnjacka Banja"]
[Site "Vrnjacka Banja"]
[Date "1991.??.??"]
[Round "8"]
[White "Matulovic, Milan"]
[Black "Velimirovic, Dragoljub"]
[Result "1/2-1/2"]
[WhiteElo "2470"]
[BlackElo "2520"]
[PlyCount "36"]
[EventDate "1991.04.??"]
[EventType "tourn"]
[EventRounds "15"]
[EventCountry "YUG"]
[EventCategory "9"]
[Source "ChessBase"]
[SourceDate "1991.08.01"]
[WhiteTeamCountry "YUG"]
[BlackTeamCountry "YUG"]

1. e4 c5 2. Nf3 d6 3. d4 cxd4 4. Nxd4 Nf6 5. Nc3 g6 6. g3 Nc6 7. Nde2 Bd7 8.
Bg2 Qc8 9. b3 Bg7 10. Bb2 O-O 11. Qd2 Bh3 12. Bxh3 Qxh3 13. O-O-O Rfc8 14. Kb1
b5 15. Nf4 Qd7 16. Nfd5 Qe6 17. f3 Rab8 18. Ne2 Ne8 1/2-1/2

[Event "Vrnjacka Banja"]
[Site "Vrnjacka Banja"]
[Date "1991.??.??"]
[Round "10"]
[White "Marinkovic, Slavisa"]
[Black "Velimirovic, Dragoljub"]
[Result "0-1"]
[WhiteElo "2335"]
[BlackElo "2520"]
[PlyCount "76"]
[EventDate "1991.04.??"]
[EventType "tourn"]
[EventRounds "15"]
[EventCountry "YUG"]
[EventCategory "9"]
[Source "ChessBase"]
[SourceDate "1991.08.01"]
[WhiteTeamCountry "YUG"]
[BlackTeamCountry "YUG"]

1. e4 c5 2. Nf3 d6 3. d4 cxd4 4. Nxd4 Nf6 5. Nc3 g6 6. g3 Nc6 7. Nde2 Bd7 8.
Bg2 Qc8 9. h3 Bg7 10. Be3 O-O 11. Rc1 Rd8 12. b3 e6 13. O-O d5 14. exd5 exd5
15. Kh2 Be6 16. Nd4 Qc7 17. Nce2 Ne4 18. Nf4 Nxd4 19. Bxd4 Nc3 20. Qd2 Bxd4 21.
Qxd4 Bf5 22. Nxd5 Rxd5 23. Bxd5 Rd8 24. Qc4 Nxd5 25. Rcd1 Qd7 26. Qe2 Qc8 27.
c4 Re8 28. Qd2 Nf6 29. Rfe1 Bxh3 30. Rxe8+ Nxe8 31. Re1 Be6 32. Qd4 h5 33. b4
a6 34. c5 Qc6 35. Re2 Qf3 36. Rd2 Nf6 37. Qd8+ Kg7 38. Qd4 Bd5 0-1

[Event "Vrnjacka Banja"]
[Site "Vrnjacka Banja"]
[Date "1991.??.??"]
[Round "11"]
[White "Velimirovic, Dragoljub"]
[Black "Tosic, Miroslav"]
[Result "1-0"]
[WhiteElo "2520"]
[BlackElo "2455"]
[Annotator "Schussler"]
[PlyCount "59"]
[EventDate "1991.04.??"]
[EventType "tourn"]
[EventRounds "15"]
[EventCountry "YUG"]
[EventCategory "9"]
[Source "ChessBase"]
[SourceDate "1991.08.01"]
[WhiteTeamCountry "YUG"]
[BlackTeamCountry "YUG"]

1. e4 e5 2. Nf3 Nc6 3. Bb5 a6 4. Ba4 Nf6 5. O-O Be7 6. Re1 b5 7. Bb3 O-O 8. c3
d5 9. exd5 Nxd5 10. Nxe5 Nxe5 11. Rxe5 c6 12. d4 Bd6 13. Re1 Qh4 14. g3 Qh3 15.
Be3 Bg4 16. Qd3 Rfe8 17. Nd2 Re6 18. a4 bxa4 19. Rxa4 Rae8 20. Qf1 Qh5 21. Rxa6
Bh3 22. Qc4 Bf4 {New - but the line is still good for White.} (22... Nxe3 23.
Rxe3 Rxe3 24. fxe3 Rxe3 25. Ra8+ Bf8 26. Kf2 Re6 27. Nf3 $16 {
Vitomsky-Gubanov, corr. 1963}) 23. Rxc6 Rxe3 24. fxe3 Bxe3+ 25. Kh1 Rd8 26. Rc5
Bg4 27. Qxd5 Rxd5 28. Bxd5 Bd7 29. Bf3 Qh6 30. Re5 $1 1-0

[Event "Vrnjacka Banja"]
[Site "Vrnjacka Banja"]
[Date "1991.??.??"]
[Round "12"]
[White "Khuzman, Alexander"]
[Black "Velimirovic, Dragoljub"]
[Result "1/2-1/2"]
[WhiteElo "2475"]
[BlackElo "2520"]
[PlyCount "69"]
[EventDate "1991.04.??"]
[EventType "tourn"]
[EventRounds "15"]
[EventCountry "YUG"]
[EventCategory "9"]
[Source "ChessBase"]
[SourceDate "1991.08.01"]
[WhiteTeamCountry "YUG"]
[BlackTeamCountry "YUG"]

1. d4 Nf6 2. c4 c5 3. d5 g6 4. Nc3 Bg7 5. e4 d6 6. h3 O-O 7. Nf3 e6 8. Bd3 Re8
9. O-O exd5 10. exd5 a6 11. Bf4 Nh5 12. Bh2 Nd7 13. Bxd6 Qb6 14. Bh2 Qxb2 15.
Ne4 Qxa1 16. Qa4 b5 17. Qa5 Qb2 18. Rb1 Qxb1+ 19. Bxb1 bxc4 20. Bc2 Bb7 21. Nc3
Nhf6 22. Ba4 Rac8 23. Bf4 Bf8 24. Nd2 Be7 25. Bc7 Bd8 26. Bxd8 Rexd8 27. Nde4
Nxe4 28. Nxe4 Bxd5 29. Bxd7 Bxe4 30. Bxc8 Rxc8 31. Qxa6 Bf5 32. Qxc4 Be6 33.
Qc2 c4 34. Qc3 Ra8 35. Qc2 1/2-1/2

[Event "Vrnjacka Banja"]
[Site "Vrnjacka Banja"]
[Date "1991.??.??"]
[Round "13"]
[White "Velimirovic, Dragoljub"]
[Black "Hebden, Mark"]
[Result "0-1"]
[WhiteElo "2520"]
[BlackElo "2475"]
[Annotator "Schussler"]
[PlyCount "106"]
[EventDate "1991.04.??"]
[EventType "tourn"]
[EventRounds "15"]
[EventCountry "YUG"]
[EventCategory "9"]
[Source "ChessBase"]
[SourceDate "1991.08.01"]
[WhiteTeamCountry "YUG"]
[BlackTeamCountry "YUG"]

1. e4 e5 2. Nf3 Nc6 3. Bb5 a6 4. Ba4 Nf6 5. O-O Be7 6. Re1 b5 7. Bb3 O-O 8. c3
d5 9. exd5 Nxd5 10. Nxe5 Nxe5 11. Rxe5 c6 12. d4 Bd6 13. Re1 Qh4 14. g3 Qh3 15.
Be3 Bg4 16. Qd3 Rae8 17. Nd2 f5 18. f4 Kh8 19. Bxd5 cxd5 20. Qf1 Qh5 21. a4
bxa4 22. Rxa4 g5 23. Raa1 Re6 24. fxg5 Rfe8 25. Bf4 $2 {
Not a very good novelty.} (25. Qf2 h6 26. gxh6 $6 f4 27. gxf4 {(27.Bxf4 Re2)}
Rg6 {(Nunn)}) 25... Bh3 26. Rxe6 (26. Qf2 Re2 {
(26. - Bxf4 27.Rxe6 Rxe6 28.Qxf4)} 27. Rxe2 Rxe2 28. Qf3 Rg2+ 29. Kh1 Rxh2+ 30.
Kg1 $2 Bg4 $19) 26... Bxf1 27. Rxe8+ Qxe8 28. Rxf1 Bxf4 29. gxf4 Qb5 $17 30. b4
Qd3 31. Nf3 Qxc3 32. Kg2 Qxb4 33. Re1 a5 34. Re8+ Kg7 35. Ra8 a4 36. Ra7+ Kf8
37. h4 a3 38. h5 Qb8 39. Ra6 Qb2+ 40. Kg3 a2 41. Ra8+ Ke7 42. Ra7+ Kd6 43. Nh4
Qc3+ 44. Kh2 Qc2+ 45. Kg3 a1=Q $19 46. Nxf5+ Qxf5 47. Rxa1 Qd3+ 48. Kh4 Ke6 49.
Ra7 Qf1 50. Kg4 Qg2+ 51. Kh4 Kf5 52. Rf7+ Ke4 53. Ra7 Qf2+ 0-1

[Event "Vrnjacka Banja"]
[Site "Vrnjacka Banja"]
[Date "1991.??.??"]
[Round "14"]
[White "Drasko, Milan"]
[Black "Velimirovic, Dragoljub"]
[Result "1/2-1/2"]
[WhiteElo "2500"]
[BlackElo "2520"]
[PlyCount "29"]
[EventDate "1991.04.??"]
[EventType "tourn"]
[EventRounds "15"]
[EventCountry "YUG"]
[EventCategory "9"]
[Source "ChessBase"]
[SourceDate "1991.08.01"]
[WhiteTeamCountry "YUG"]
[BlackTeamCountry "YUG"]

1. Nf3 Nf6 2. c4 g6 3. Nc3 Bg7 4. e4 d6 5. d4 O-O 6. Be2 c5 7. O-O cxd4 8. Nxd4
Nc6 9. Be3 Nd7 10. Qd2 Nc5 11. Rab1 a5 12. b3 Bd7 13. Rfd1 Nxd4 14. Bxd4 Bc6
15. Bxg7 1/2-1/2

[Event "Vrnjacka Banja"]
[Site "Vrnjacka Banja"]
[Date "1991.??.??"]
[Round "15"]
[White "Velimirovic, Dragoljub"]
[Black "Cvetkovic, Srdjan"]
[Result "1/2-1/2"]
[WhiteElo "2520"]
[BlackElo "2470"]
[PlyCount "120"]
[EventDate "1991.04.??"]
[EventType "tourn"]
[EventRounds "15"]
[EventCountry "YUG"]
[EventCategory "9"]
[Source "ChessBase"]
[SourceDate "1991.08.01"]
[WhiteTeamCountry "YUG"]
[BlackTeamCountry "YUG"]

1. e4 c5 2. Nf3 e6 3. d4 cxd4 4. Nxd4 Nf6 5. Nc3 d6 6. Bc4 a6 7. Bb3 b5 8. f4
Bb7 9. Be3 b4 10. Na4 Nbd7 11. O-O Be7 12. c3 bxc3 13. f5 e5 14. Ne6 fxe6 15.
fxe6 O-O 16. exd7+ Kh8 17. Nxc3 Qxd7 18. Qd3 a5 19. Nd5 Ba6 20. Bc4 Nxd5 21.
exd5 Bxc4 22. Qxc4 Rfc8 23. Qd3 Bf6 24. Rac1 e4 25. Qxe4 Re8 26. Qd3 Bxb2 27.
Rc6 Be5 28. Bd4 Bxd4+ 29. Qxd4 Rf8 30. Rfc1 Rae8 31. h3 Qe7 32. Kh2 h6 33. R1c3
Rf5 34. Rc8 Rxc8 35. Rxc8+ Kh7 36. Rb8 Qe2 37. Rb2 Qe5+ 38. Qxe5 Rxe5 39. Rb5
a4 40. Ra5 Kg6 41. Kg3 Re3+ 42. Kf4 Ra3 43. Ra6 Rxa2 44. Rxd6+ Kf7 45. Ra6 Rxg2
46. Rxa4 Ke7 47. Ke5 Rg5+ 48. Kd4 Rg3 49. Ra7+ Kd6 50. Ra6+ Ke7 51. h4 h5 52.
Ke5 Re3+ 53. Kf5 Rd3 54. Ra7+ Kd6 55. Rxg7 Rxd5+ 56. Kf6 Rd4 57. Rg6 Kd7 58.
Kg5 Rd5+ 59. Kh6 Ke7 60. Rg2 Kf7 1/2-1/2

[Event "YUG-chT"]
[Site "Cetinje"]
[Date "1991.??.??"]
[Round "1"]
[White "Lputian, Smbat"]
[Black "Velimirovic, Dragoljub"]
[Result "1/2-1/2"]
[WhiteElo "2565"]
[BlackElo "2520"]
[PlyCount "111"]
[EventDate "1991.09.??"]
[EventType "swiss ()"]
[EventRounds "9"]
[EventCountry "YUG"]
[Source "ChessBase"]
[SourceDate "1997.11.17"]
[WhiteTeamCountry "YUG"]
[BlackTeamCountry "YUG"]

1. d4 Nf6 2. c4 c5 3. d5 g6 4. Nc3 Bg7 5. e4 O-O 6. Nf3 d6 7. h3 e6 8. Bd3 exd5
9. cxd5 Re8 10. O-O c4 11. Bc2 b5 12. Nxb5 Nxe4 13. Bxe4 Rxe4 14. Re1 Rxe1+ 15.
Qxe1 Nd7 16. Nxd6 Nf6 17. Nxc4 Qxd5 18. Nce5 Bb7 19. Qd2 Re8 20. Qxd5 Nxd5 21.
Nd3 Ba6 22. Nc5 Bc4 23. a4 Rc8 24. Ne4 Bd3 25. Nd6 Rc6 26. Nb5 a6 27. Nbd4 Rc4
28. Be3 Nxe3 29. fxe3 Rb4 30. b3 Be4 31. Rc1 Bf6 32. Rc4 Rxc4 33. bxc4 Bd3 34.
Nd2 Be7 35. a5 Bb4 36. N4b3 f5 37. Kf2 Kf8 38. Kf3 Ke7 39. g4 Kd7 40. gxf5 Bxf5
41. h4 Be7 42. Kg3 Bd6+ 43. Kf3 Be7 44. Nd4 Bxh4 45. Nxf5 gxf5 46. Kf4 Be1 47.
Nb3 Ke6 48. Nd4+ Kd7 49. Nb3 Ke6 50. Nc5+ Kf6 51. Nd7+ Ke7 52. Nb8 Ke6 53. Nxa6
Bxa5 54. Nc5+ Kf6 55. Nd7+ Ke7 56. Nc5 1/2-1/2

[Event "YUG-chT"]
[Site "Cetinje"]
[Date "1991.??.??"]
[Round "4"]
[White "Ilic, Zoran S"]
[Black "Velimirovic, Dragoljub"]
[Result "1/2-1/2"]
[WhiteElo "2395"]
[BlackElo "2520"]
[PlyCount "55"]
[EventDate "1991.09.??"]
[EventType "swiss ()"]
[EventRounds "9"]
[EventCountry "YUG"]
[Source "ChessBase"]
[SourceDate "1997.11.17"]
[WhiteTeamCountry "YUG"]
[BlackTeamCountry "YUG"]

1. d4 Nf6 2. Nf3 g6 3. c4 Bg7 4. g3 O-O 5. Bg2 d6 6. O-O Nc6 7. Nc3 Bg4 8. h3
Bxf3 9. Bxf3 Nd7 10. e3 e5 11. dxe5 Ndxe5 12. Be2 Nd7 13. Nd5 Nc5 14. Rb1 Ne7
15. Bf3 Nxd5 16. Bxd5 Qd7 17. b4 Na4 18. Bd2 Nb6 19. Bxb7 Rad8 20. Bg2 Nxc4 21.
Rc1 Nxd2 22. Qxd2 d5 23. Qc2 Be5 24. Rfd1 d4 25. Qc5 Qd6 26. exd4 Bxd4 27. Qxd6
Rxd6 28. Kf1 1/2-1/2

[Event "YUG-chT"]
[Site "Cetinje"]
[Date "1991.??.??"]
[Round "5"]
[White "Velimirovic, Dragoljub"]
[Black "Simic, Radoslav"]
[Result "1-0"]
[WhiteElo "2520"]
[BlackElo "2485"]
[PlyCount "51"]
[EventDate "1991.09.??"]
[EventType "swiss ()"]
[EventRounds "9"]
[EventCountry "YUG"]
[Source "ChessBase"]
[SourceDate "1997.11.17"]
[WhiteTeamCountry "YUG"]
[BlackTeamCountry "YUG"]

1. e4 c5 2. Nf3 Nc6 3. d4 cxd4 4. Nxd4 Nf6 5. Nc3 e5 6. Ndb5 d6 7. Bg5 a6 8.
Na3 b5 9. Bxf6 gxf6 10. Nd5 Bg7 11. Bd3 Ne7 12. Nxe7 Qxe7 13. c3 f5 14. exf5 d5
15. Nc2 O-O 16. O-O Bb7 17. Qh5 e4 18. Be2 Rad8 19. Ne3 Rd6 20. Rad1 Rfd8 21.
Ng4 Bc8 22. Rfe1 b4 23. c4 dxc4 24. Rxd6 Qxd6 25. Bxc4 Qd2 26. Nf6+ 1-0

[Event "YUG-chT"]
[Site "Cetinje"]
[Date "1991.??.??"]
[Round "7"]
[White "Velimirovic, Dragoljub"]
[Black "Govedarica, Radovan"]
[Result "1-0"]
[WhiteElo "2520"]
[BlackElo "2445"]
[PlyCount "122"]
[EventDate "1991.09.??"]
[EventType "swiss ()"]
[EventRounds "9"]
[EventCountry "YUG"]
[Source "ChessBase"]
[SourceDate "1997.11.17"]
[WhiteTeamCountry "YUG"]
[BlackTeamCountry "YUG"]

1. e4 e6 2. d4 d5 3. Nc3 dxe4 4. Nxe4 Nd7 5. Nf3 Ngf6 6. Nxf6+ Nxf6 7. Bg5 Be7
8. Bd3 h6 9. Bxf6 Bxf6 10. Qe2 c5 11. Bb5+ Kf8 12. O-O-O cxd4 13. Kb1 a6 14.
Bc4 b5 15. Bb3 Qb6 16. Rhe1 a5 17. Ne5 a4 18. Bd5 Ra7 19. f4 g6 20. Be4 a3 21.
Qf2 axb2 22. Qxd4 Qxd4 23. Rxd4 Kg7 24. Rb4 Ba6 25. Rxb2 Rd8 26. Bd3 Rd5 27.
Re4 Bb7 28. Re2 Ra5 29. g3 g5 30. Rb3 Rd4 31. c3 Rxd3 32. Nxd3 Bd5 33. Ne5 Bxb3
34. axb3 Ra8 35. Kb2 Rd8 36. Kc2 Rd6 37. c4 bxc4 38. bxc4 Ra6 39. Kc3 Be7 40.
Rb2 Ra3+ 41. Kd4 f6 42. Nc6 Bf8 43. Nd8 Ra6 44. c5 Be7 45. Nb7 Kg6 46. fxg5
hxg5 47. Kc4 f5 48. Kb5 Ra8 49. c6 f4 50. Re2 Kf6 51. c7 f3 52. Rc2 Rc8 53. Kc6
Bb4 54. Nd6 Bxd6 55. Kxd6 g4 56. Rc1 Kf5 57. Re1 Re8 58. Re5+ Kf6 59. Re4 Kg5
60. Kd7 e5 61. Kxe8 f2 1-0

[Event "YUG-chT"]
[Site "Cetinje"]
[Date "1991.??.??"]
[Round "8"]
[White "Velimirovic, Dragoljub"]
[Black "Ilincic, Zlatko"]
[Result "1-0"]
[WhiteElo "2520"]
[BlackElo "2470"]
[PlyCount "59"]
[EventDate "1991.09.??"]
[EventType "swiss ()"]
[EventRounds "9"]
[EventCountry "YUG"]
[Source "ChessBase"]
[SourceDate "1997.11.17"]
[WhiteTeamCountry "YUG"]
[BlackTeamCountry "YUG"]

1. e4 c5 2. Nf3 d6 3. d4 cxd4 4. Nxd4 Nf6 5. Nc3 a6 6. Bc4 b5 7. Bb3 e6 8. Be3
b4 9. Na4 Bd7 10. O-O Nxe4 11. f4 Nf6 12. f5 e5 13. Ne6 fxe6 14. Nb6 Bc6 15.
fxe6 Be7 16. Rxf6 Bxf6 17. Nd5 Bxd5 18. Qxd5 Qc7 19. Qxa8 Ke7 20. Rf1 a5 21. c3
bxc3 22. Rc1 e4 23. bxc3 Rc8 24. Qxe4 Qc6 25. Bd5 Qb5 26. c4 Qb2 27. Rb1 Qe2
28. c5 Rxc5 29. Rb7+ Kd8 30. e7+ 1-0

[Event "YUG-chT"]
[Site "Cetinje"]
[Date "1991.??.??"]
[Round "9"]
[White "Velimirovic, Dragoljub"]
[Black "Pajkovic, Vladimir"]
[Result "1-0"]
[WhiteElo "2520"]
[BlackElo "2415"]
[PlyCount "75"]
[EventDate "1991.09.??"]
[EventType "swiss ()"]
[EventRounds "9"]
[EventCountry "YUG"]
[Source "ChessBase"]
[SourceDate "1997.11.17"]
[WhiteTeamCountry "YUG"]
[BlackTeamCountry "YUG"]

1. e4 e5 2. Nf3 Nc6 3. Bb5 a6 4. Ba4 Nf6 5. O-O Nxe4 6. d4 Be7 7. d5 Nb8 8. c4
Nc5 9. Bc2 d6 10. b4 e4 11. bxc5 exf3 12. Qxf3 Bf6 13. Re1+ Kf8 14. cxd6 cxd6
15. Nc3 Nd7 16. Qg3 Kg8 17. Bf4 Ne5 18. Ne4 Bh4 19. Qc3 Ng6 20. Be3 f5 21. Nd2
Bf6 22. Bd4 Bxd4 23. Qxd4 Bd7 24. a4 Rb8 25. Rab1 b6 26. Rb2 Kf7 27. Nf3 Re8
28. Rxe8 Qxe8 29. Rxb6 Rxb6 30. Qxb6 Nh4 31. Qxd6 Kg8 32. Ne5 h6 33. a5 Ba4 34.
Bd3 Qh5 35. g3 Qd1+ 36. Bf1 Bc2 37. Qd8+ Kh7 38. Qxh4 1-0

[Event "YUG-ch"]
[Site "Banja Vrucica"]
[Date "1991.??.??"]
[Round "?"]
[White "Basagic, Zlatko"]
[Black "Velimirovic, Dragoljub"]
[Result "1-0"]
[WhiteElo "2370"]
[BlackElo "2520"]
[PlyCount "79"]
[EventDate "1991.12.??"]
[EventType "swiss"]
[EventRounds "13"]
[EventCountry "YUG"]
[Source "ChessBase"]
[SourceDate "1996.11.15"]
[WhiteTeamCountry "YUG"]
[BlackTeamCountry "YUG"]

1. d4 Nf6 2. c4 c5 3. d5 g6 4. Nc3 Bg7 5. e4 d6 6. Bd3 e6 7. Nge2 Ng4 8. h3 Ne5
9. Bb1 O-O 10. b3 exd5 11. exd5 b5 12. cxb5 a6 13. b6 Ned7 14. a4 Re8 15. Be3
Qxb6 16. O-O Nf6 17. a5 Qc7 18. Ra4 Bd7 19. Ra2 Bb5 20. Bd3 Bxd3 21. Qxd3 Nbd7
22. Bf4 Ne5 23. Bxe5 Rxe5 24. Qc4 Qb7 25. Nf4 Ree8 26. Nd3 Rab8 27. Rb1 Nd7 28.
Ne4 Ne5 29. Nxe5 Bxe5 30. Re2 Qb5 31. Nd2 Bh2+ 32. Kf1 Rxe2 33. Qxe2 c4 34.
Qxc4 Bf4 35. Qxb5 Rxb5 36. Nc4 Rxd5 37. g3 Bg5 38. Ke2 Rb5 39. b4 d5 40. Ne5
1-0

[Event "YUG-ch"]
[Site "Banja Vrucica"]
[Date "1991.??.??"]
[Round "?"]
[White "Burovic, Ismet"]
[Black "Velimirovic, Dragoljub"]
[Result "0-1"]
[WhiteElo "2375"]
[BlackElo "2520"]
[PlyCount "48"]
[EventDate "1991.12.??"]
[EventType "swiss"]
[EventRounds "13"]
[EventCountry "YUG"]
[Source "ChessBase"]
[SourceDate "1996.11.15"]
[WhiteTeamCountry "YUG"]
[BlackTeamCountry "YUG"]

1. e4 c5 2. d3 Nc6 3. g3 d5 4. Nd2 d4 5. f4 h5 6. Ngf3 e5 7. f5 Nf6 8. h3 Qc7
9. a4 Bd7 10. Nc4 Be7 11. Bg2 O-O-O 12. Nfxe5 Nxe5 13. Nxe5 Bxf5 14. Bf4 Bd6
15. O-O Be6 16. Nc4 Bxc4 17. dxc4 Rhe8 18. Qd3 Be5 19. Bxe5 Rxe5 20. Rf5 Rxf5
21. exf5 Re8 22. Qd2 Qxg3 23. Qa5 Re2 24. Qxc5+ Kb8 0-1

[Event "YUG-ch"]
[Site "Banja Vrucica"]
[Date "1991.??.??"]
[Round "?"]
[White "Petronic, Jovan"]
[Black "Velimirovic, Dragoljub"]
[Result "1/2-1/2"]
[WhiteElo "2355"]
[BlackElo "2520"]
[PlyCount "123"]
[EventDate "1991.12.??"]
[EventType "swiss"]
[EventRounds "13"]
[EventCountry "YUG"]
[Source "ChessBase"]
[SourceDate "1996.11.15"]
[WhiteTeamCountry "YUG"]
[BlackTeamCountry "YUG"]

1. e4 c5 2. c3 e6 3. d4 d5 4. exd5 exd5 5. Nf3 Nc6 6. Bb5 Bd6 7. dxc5 Qe7+ 8.
Qe2 Qxe2+ 9. Bxe2 Bxc5 10. Nbd2 Nf6 11. Nb3 Bb6 12. O-O O-O 13. Rd1 Re8 14. Kf1
Bg4 15. Bg5 Ne4 16. Bh4 g5 17. Bg3 Rad8 18. Nfd4 Bxe2+ 19. Nxe2 f5 20. f3 Nxg3+
21. Nxg3 f4 22. Nf5 Kf7 23. Re1 Kf6 24. Rxe8 Rxe8 25. Nd6 Rd8 26. Nxb7 Rb8 27.
N7c5 Bxc5 28. Nxc5 Rxb2 29. Re1 Na5 30. Re6+ Kf7 31. Re2 Rb1+ 32. Re1 Rb5 33.
Nd3 Nc4 34. g3 Ra5 35. gxf4 Rxa2 36. Ne5+ Nxe5 37. Rxe5 gxf4 38. Rxd5 Ke6 39.
Rd4 Ke5 40. Kg1 a5 41. Rd7 h6 42. c4 a4 43. Rd5+ Ke6 44. Rh5 Kd6 45. Rxh6+ Kc5
46. Ra6 Kb4 47. h4 Rc2 48. h5 Rxc4 49. h6 Rc7 50. Kg2 Rh7 51. Kh3 Kb5 52. Re6
a3 53. Kg4 a2 54. Re1 Rxh6 55. Kxf4 Rh2 56. Kg5 Rg2+ 57. Kf5 Kc4 58. f4 Kb3 59.
Kf6 Rb2 60. Ra1 Rb1 61. Rxa2 Kxa2 62. f5 1/2-1/2

[Event "YUG-ch"]
[Site "Banja Vrucica"]
[Date "1991.??.??"]
[Round "?"]
[White "Popovic, Petar"]
[Black "Velimirovic, Dragoljub"]
[Result "1/2-1/2"]
[WhiteElo "2510"]
[BlackElo "2520"]
[PlyCount "129"]
[EventDate "1991.12.??"]
[EventType "swiss"]
[EventRounds "13"]
[EventCountry "YUG"]
[Source "ChessBase"]
[SourceDate "1996.11.15"]
[WhiteTeamCountry "YUG"]
[BlackTeamCountry "YUG"]

1. e4 c5 2. Nf3 Nc6 3. d4 cxd4 4. Nxd4 Nf6 5. Nc3 g6 6. Nxc6 bxc6 7. e5 Ng8 8.
Bc4 f5 9. Bf4 e6 10. Qd2 Rb8 11. Bb3 Rb4 12. O-O Qc7 13. Rfe1 Rxf4 14. Qxf4 Nh6
15. Rad1 Nf7 16. Qe3 Bg7 17. f4 g5 18. fxg5 Bxe5 19. Qh3 Rg8 20. Kh1 h6 21. g6
Rxg6 22. Rd2 Kf8 23. Bc4 Qb6 24. Nd1 Kg7 25. Bd3 h5 26. Ne3 d5 27. c3 h4 28.
Nxf5+ exf5 29. Bxf5 Bxf5 30. Qxf5 Qc7 31. Rde2 Rg5 32. Qh3 Bf6 33. Qxh4 Rg6 34.
Qf2 Rh6 35. g3 Ng5 36. Qf5 Qd6 37. Re8 Ne4 38. Qg4+ Rg6 39. Rg8+ Kxg8 40. Qxg6+
Kf8 41. Kg2 Qe5 42. h4 Ke7 43. Re3 a5 44. Qh7+ Ke8 45. Qb7 Qe6 46. Qb8+ Kf7 47.
Qc7+ Kg6 48. a4 Be7 49. Qxa5 Bxh4 50. Qc7 Bg5 51. Re1 Bf6 52. Qf4 Bg5 53. Qf3
Bd8 54. g4 Kg7 55. Qf4 Be7 56. a5 Bd6 57. Qf3 Qh6 58. Rxe4 dxe4 59. Qxe4 Qd2+
60. Kf3 Qd1+ 61. Kg2 Qd2+ 62. Kf3 Qxb2 63. Qd4+ Kf7 64. a6 c5 65. Qd5+ 1/2-1/2

[Event "YUG-ch"]
[Site "Banja Vrucica"]
[Date "1991.??.??"]
[Round "?"]
[White "Runic, Zoran"]
[Black "Velimirovic, Dragoljub"]
[Result "0-1"]
[WhiteElo "2250"]
[BlackElo "2520"]
[PlyCount "62"]
[EventDate "1991.12.??"]
[EventType "swiss"]
[EventRounds "13"]
[EventCountry "YUG"]
[Source "ChessBase"]
[SourceDate "1996.11.15"]
[WhiteTeamCountry "YUG"]
[BlackTeamCountry "YUG"]

1. Nf3 Nf6 2. g3 g6 3. b3 Bg7 4. Bb2 O-O 5. d4 c5 6. c4 d5 7. cxd5 Nxd5 8. Bg2
Nc6 9. O-O Nc7 10. e3 Bg4 11. Qc1 Bxf3 12. Bxf3 cxd4 13. Bxc6 bxc6 14. Rd1 Ne6
15. Qxc6 Rc8 16. Qe4 Ng5 17. Qg2 Rc2 18. Bxd4 e5 19. Na3 Rxf2 20. Kxf2 exd4 21.
Kg1 Qe7 22. Nc4 dxe3 23. Rac1 Re8 24. h4 Ne4 25. Nxe3 Nc3 26. Rd3 Qc5 27. Kh2
Rxe3 28. Qa8+ Bf8 29. Rcxc3 Re2+ 30. Kh3 Qf5+ 31. g4 Qf1+ 0-1